Państwa, z których pochodzą uchodźcy - Statystyki

Ogólne statystyki
  • Ten quiz został rozwiązany 15 razy
  • Średni wynik to 13 z 24
Statystyki odpowiedzi
# Państwo, które przyjęło najwięcej uchodźców Państwo % Poprawnych
5,96 mln Iran Afganistan
91%
6,70 mln Turcja Syria
91%
5,71 mln Rosja Ukraina
82%
6,59 mln Kolumbia Wenezuela
82%
517 tys. Turcja Irak
73%
1,07 mln Uganda Demokratyczna Republika Konga
64%
474 tys. Niger Nigeria
64%
268 tys. Demokratyczna Republika Konga Rwanda
64%
924 tys. Czad Sudan
64%
2,30 mln Uganda Sudan Południowy
64%
587 tys. Etiopia Erytrea
55%
271 tys. Sudan Etiopia
55%
255 tys. Stany Zjednoczone Kuba
55%
847 tys. Kenia Somalia
55%
377 tys. Tanzania Burundi
45%
278 tys. Stany Zjednoczone Chiny
36%
208 tys. Stany Zjednoczone Haiti
36%
261 tys. Stany Zjednoczone Honduras
36%
239 tys. Mauretania Mali
36%
1,30 mln Bangladesz Mjanma
36%
294 tys. Kostaryka Nikaragua
36%
763 tys. Kamerun Republika Środkowoafrykańska
36%
207 tys. Stany Zjednoczone Salwador
36%
253 tys. Stany Zjednoczone Kolumbia
27%
Nie znaleziono quizów pasujących do podanych kryteriów
Rozkład punktacji
Procent ludzi z każdym wynikiem
Percentyl według liczby udzielonych odpowiedzi
Twoja historia wyników
Nie rozwiązałeś tego quizu